| 000 | 00424nam a2200169Ia 4500 | ||
|---|---|---|---|
| 008 | 231217s9999 xx 000 0 und d | ||
| 020 | _a817881594X | ||
| 041 | _aEnglish | ||
| 082 | _a658.314 RAJ;1 R | ||
| 100 | _aRaju, P V L ed. | ||
| 245 | 0 | _aHigh performance organizations : HR practices | |
| 250 | _a1st ed. | ||
| 260 |
_c2005 _bICFAI Press _aHyderabad |
||
| 300 | _avii, 198 | ||
| 650 | _aICFAI | ||
| 942 | _cAA | ||
| 999 |
_c181568 _d181568 |
||